Notas para el estudio de la trayectoria del análisis social en Puerto Rico en base al desarrollo de las clases sociales y sus conflictos (1880-1933) /

Tallennettuna:
Bibliografiset tiedot
Päätekijä: Quintero Rivera, A.G
Aineistotyyppi: Teksti
Tagit: Lisää tagi
Ei tageja, Lisää ensimmäinen tagi!

MARC

LEADER 00000 a a2200000 04500
001 40597
003
040
100 |a Quintero Rivera, A.G.  
245 |a Notas para el estudio de la trayectoria del análisis social en Puerto Rico en base al desarrollo de las clases sociales y sus conflictos (1880-1933) /  |c A.G. Quintero Rivera 
773 |g volumen2, (XI Congreso Latinoamericano de Sociología) [115-134]  
999 |c 24195  |d 24195